000 00653nam a2200181Ia 4500
008 100921s9999 xx 000 0 und d
082 _b28065
_a891.463 थ 96
100 _aबापट मुकुंद.
245 _aप्रतिक्षा.
260 _bसूर्याक्षरविविधा प्रकाशन,पुणे.
_c1996
300 _a198
_bरसिक साहित्य,पुणे
365 _b130
520 _aललित-कादंबरी.
630 _aप्रतिक्षा.
650 _aललित-कादंबरी.
730 _aप्रतिक्षा.
942 _cBOOK
999 _c777178
_d777175